| 000 | 00524nam a2200181Ia 4500 | ||
|---|---|---|---|
| 008 | 100920s9999 xx 000 0 und d | ||
| 082 |
_b74337 _a891.463.1 थ 99 |
||
| 100 | _aगरवारे मालती. | ||
| 245 | _aजिद्द. | ||
| 260 |
_bघरकुल प्रकाशन , पुणे. _c1999 |
||
| 300 |
_a160 _bसाधी |
||
| 365 | _b120 | ||
| 520 | _aलघुकथा. | ||
| 630 | _aजिद्द. | ||
| 650 | _aलघुकथा. | ||
| 730 | _aजिद्द. | ||
| 942 | _cBOOK | ||
| 999 |
_c715936 _d715933 |
||